000 nam a22 a 4500
999 _c4074
_d4074
005 20170525091304.0
008 170525s2000 enk||||| |||| 00| 0 eng d
020 _a 1840001887 (pbk.) :
_c £5.99
040 _aAKMAL
082 _a748.2 NOT
090 _a748.2
_bNOT
100 1 _aNotley, Raymond.
_97967
245 1 0 _aPopular glass of the 19th & 20th centuries
_c Raymond Notley.
260 _aLondon :
_b Miller's,
_c 2000.
300 _a64 p. :
_bcol. ill. ;
_c21cm
490 1 _aA collector's guide ;
_v8
500 _aIncludes index.
650 0 _a Glassware
_x Collectors and collecting.
_97868
830 2 _aA collector's guide ;
_97968
942 _2ddc
_cBOOK